NBA Most Blocks in a Game - Statistics

General Stats
  • This quiz has been taken 8 times
  • The average score is 7 of 17
Answer Stats
Blocks Answer % Correct
15 Shaquille O'Neal
100%
12 David Robinson
75%
12 Dikembe Mutombo
75%
12 Hakeem Olajuwon
75%
15 Manute Bol
63%
14 Mark Eaton
63%
17 Elmore Smith
50%
13 Shawn Bradley
50%
13 George T. Johnson
25%
12 Nate Thurmond
25%
12 Wayne Rollins
25%
13 Darryl Dawkins
13%
12 Hassan Whiteside
13%
12 JaVale McGee
13%
12 Keon Clark
13%
13 Ralph Sampson
13%
12 Vlade Divac
13%
No matching quizzes found
Score Distribution
Percent of People with Each Score
Percentile by Number Answered
Your Score History
You have not taken this quiz